Normal view MARC view
  • Radio broadcasting

Entry Topical Term

Number of records used in: 1

001 - CONTROL NUMBER

  • control field: 39631

003 - CONTROL NUMBER IDENTIFIER

  • control field: OSt

005 - DATE AND TIME OF LATEST TRANSACTION

  • control field: 20160322140551.0

008 - FIXED-LENGTH DATA ELEMENTS

  • fixed length control field: 160322|| aca||babn | a|a d

040 ## - CATALOGING SOURCE

  • Original cataloging agency: OSt

150 ## - HEADING--TOPICAL TERM

  • Topical term or geographic name as entry element: Radio broadcasting

450 ## - SEE FROM TRACING--TOPICAL TERM

  • Topical term or geographic name entry element: Radio
  • General subdivision: Broadcasting

450 ## - SEE FROM TRACING--TOPICAL TERM

  • Topical term or geographic name entry element: Radio industry and trade

550 ## - SEE ALSO FROM TRACING--TOPICAL TERM

  • Topical term or geographic name entry element: Broadcasting

550 ## - SEE ALSO FROM TRACING--TOPICAL TERM

  • Topical term or geographic name entry element: Freedom of information

550 ## - SEE ALSO FROM TRACING--TOPICAL TERM

  • Topical term or geographic name entry element: Government publicity

550 ## - SEE ALSO FROM TRACING--TOPICAL TERM

  • Topical term or geographic name entry element: Mass media